000 00548nam a22001817a 4500
005 20251108170519.0
008 250721s2000 xx 000 0 ara d
082 1 4 _a410/مست
100 1 _aسليمان، نايف
245 1 0 _aمستويات اللغة العربية :
_bالثقافة العامة /
264 1 _aعمان :
_bدار صفاء،
_c2000.
300 _a263ص.
650 1 7 _aاللغة العربية
650 1 7 _aقواعد اللغة
650 1 7 _aاللسانيات الوصفية
942 _2ddc
_cBK
999 _c42324
_d42324